Deklinieren - Quiz - Statistiken

Allgemein
  • Dieses Quiz wurde 299 mal gespielt
  • Das Durchschnittsergebnis liegt bei 7 aus 7
Antwortstatistiken
Kasus Numerus Antwort % Korrekt
Genitiv Singular Des Menschen
96%
Nominativ Plural Die Menschen
96%
Akkusativ Plural Die Menschen
96%
Dativ Singular Dem Menschen
93%
Genitiv Plural Der Menschen
93%
Akkusativ Singular Den Menschen
92%
Dativ Plural Den Menschen
92%
Keine übereinstimmenden Quizze gefunden
Verteilung der Resultate
Anzahl Personen mit jedem Resultat
Perzentil nach korrekt beantworteten Fragen
Ihre Resultats-Entwicklung
Sie haben dieses Quiz noch nicht gespielt